Favorable effect of Extracorporeal Shockwave Myocardial Revascularization (ESMR) on Left Ventricular (LV) mechanical dyssynchrony /
Saved in:
| 主要作者: | |
|---|---|
| 格式: | Thesis 图书 |
| 语言: | English |
| 出版: |
2012.
|
| 主题: | |
| 标签: |
添加标签
没有标签, 成为第一个标记此记录!
|
| LEADER | 01040cam a2200253 a 4500 | ||
|---|---|---|---|
| 001 | u857105 | ||
| 003 | SIRSI | ||
| 005 | 201205281222 | ||
| 008 | 120528n2012 my t 000 0 eng m | ||
| 040 | |a UMP | ||
| 043 | |a a-my--- | ||
| 096 | |a WB115 |b UM 2012 Mohnmn | ||
| 100 | 0 | |a Mohamad Nazrulhisham Mad Naser. | |
| 245 | 1 | 0 | |a Favorable effect of Extracorporeal Shockwave Myocardial Revascularization (ESMR) on Left Ventricular (LV) mechanical dyssynchrony / |c Mohamad Nazulhisham Mad Naser. |
| 260 | |c 2012. | ||
| 300 | |a vii, 25 leaves : |b col. ill. ; |c 30 cm. | ||
| 502 | |a Dissertation (M. Int. Med) -- Department of Medicine, Faculty of Medicine, University of Malaya, 2012. | ||
| 504 | |a Bibliography: leaves 20-23. | ||
| 650 | 1 | 2 | |a High-Energy Shock Waves |x therapeutic use |z Malaysia. |
| 650 | 2 | 2 | |a Heart Failure |x physiopathology |z Malaysia. |
| 710 | 2 | 0 | |a Universiti Malaya. |b Jabatan Perubatan. |
| 900 | |a RAH | ||
| 596 | |a 2 | ||
| 999 | |a WB115 UM 2012 MOHNMN |w NLM |c 1 |i A515095913 |d 22/10/2013 |f 22/10/2013 |g 1 |l TESIS |m P02MEDKL |r Y |s Y |t TESIS |u 22/10/2013 | ||
